| 000 | 00977nam a2200337 a 4500 | ||
|---|---|---|---|
| 001 | 2342804 | ||
| 003 | OSt | ||
| 005 | 20140310182856.0 | ||
| 008 | 820826s1981 ph ak b 000 0 eng | ||
| 010 | _a 82198001 | ||
| 020 | _a971232690X | ||
| 040 |
_aDLC _cDLC _dDLC |
||
| 043 | _aa-ph--- | ||
| 050 | 0 | 0 |
_aHD 2965 _b.F175 1999 |
| 082 | 0 | 0 |
_aFIL 334 _bF14 1999 |
| 100 | 1 | _aFajardo, Feliciano R. | |
| 245 | 1 | 0 |
_aCooperatives _cFajardo, Feliciano R. |
| 260 |
_aManila, Philippines _bRex Book Store _cc1999 |
||
| 300 |
_a216 p. _bill., forms _c26 cm. |
||
| 504 | _aBibliography: p. 215-216. | ||
| 521 | _aCollege Students | ||
| 526 | _c1210L to 1700L | ||
| 541 | _j1 | ||
| 562 | _e1 | ||
| 650 | 0 |
_aCooperative societies _zPhilippines. |
|
| 650 | 0 |
_aCooperative societies _xLaw and legislation _zPhilippines. |
|
| 700 | 1 | _aAbella, Fabian P. | |
| 740 | 0 | _aKilusang bayan. | |
| 906 |
_a7 _bcbc _corignew _d3 _encip _f19 _gy-gencatlg |
||
| 942 |
_2lcc _cBK _kFIL |
||
| 999 |
_c17030 _d17030 |
||